000 00684nam a2200253Ia 4500
003 OSt
005 20220912150614.0
006 a|||||r|||| 00| 0
007 ta
008 220909b |||||||| |||| 00| 0 eng d
024 _a48666
037 _cTextual
040 _aCSL
_beng
_cCSL
041 _aeng
082 _aE5:26, M6
100 _aFry Albert J Ed.
245 0 _aTopics in organic electrochemistry
260 _aNew York
_b Plenum Press
_c1986
300 _axiv, 296p.
_ccm.
650 _aOrganic chemistry
700 _a Britton Wayne E Ed.
942 _hE5:26, M6
_cTEXL
_2CC
999 _c50777
_d50777